Zákon o spolkoch - prínosy a negatíva
Štyri právne formy neziskových organizácií v SR v súčasnosti: občianske združenia, nadácie, neziskové organizácie poskytujúce všeobecne prospešné služby a neinvestičné fondy. Občianske združenia - výrazná časť neziskového sektora. Zdroje príjmov občianskych združení. Občianske združenia v súčasnosti...
Na minha lista:
| Autor principal: | |
|---|---|
| Formato: | Capítulo de Livro |
| Idioma: | eslovaco |
| Assuntos: | |
| Tags: |
Sem tags, seja o primeiro a adicionar uma tag!
|
MARC
| LEADER | 00000nla$a2200000$$$4500 | ||
|---|---|---|---|
| 001 | 0076338 | ||
| 005 | 20240502071907.7 | ||
| 041 | 0 | |a slo | |
| 044 | |a SK | ||
| 245 | 1 | 0 | |a Zákon o spolkoch - prínosy a negatíva |c Helena Majdúchová |
| 520 | |a Štyri právne formy neziskových organizácií v SR v súčasnosti: občianske združenia, nadácie, neziskové organizácie poskytujúce všeobecne prospešné služby a neinvestičné fondy. Občianske združenia - výrazná časť neziskového sektora. Zdroje príjmov občianskych združení. Občianske združenia v súčasnosti upravené zákonom o združovaní občanov (č. 83/1990 Zb.). Návrh zákona o spolkoch a pripomienky odbornej verejnosti k zákonu. Návrh zákona považovaný za zmätočný a zavádzajúci. | ||
| 610 | 2 | 0 | |a organizácie neziskové |
| 610 | 2 | 0 | |a nadácie |
| 610 | 2 | 0 | |a fondy neinvestičné |
| 610 | 2 | 0 | |a združenia občianske |
| 610 | 2 | 0 | |a financie |
| 610 | 2 | 0 | |a zdroje finančné |
| 610 | 2 | 0 | |a právo |
| 610 | 2 | 0 | |a legislatíva |
| 610 | 2 | 0 | |a Slovensko |
| 100 | 1 | |a Majdúchová, Helena, 1963- | |